Accounting Principles /
Guardado en:
| Autores principales: | , , |
|---|---|
| Formato: | Libro |
| Lenguaje: | inglés |
| Publicado: |
Wiley
2019
|
| Materias: | |
| Etiquetas: |
Sin Etiquetas, Sea el primero en etiquetar este registro!
|
MARC
| LEADER | 00000nam a22000003a 4500 | ||
|---|---|---|---|
| 001 | 0098723 | ||
| 003 | SK-STU | ||
| 005 | 20221130080315.2 | ||
| 007 | ta | ||
| 008 | 221130s ----xo-----e------000-0-----d | ||
| 020 | |a 978-1-119-41959-4 | ||
| 040 | |a STU |b slo | ||
| 041 | 0 | |a eng | |
| 100 | 1 | |a Weygandt, Jerry J. |4 aut | |
| 245 | 1 | 0 | |a Accounting Principles / |c aut. Jerry J Weygandt, Paul D Kimmel, Donald E Kieso |
| 260 | |b Wiley |c 2019 | ||
| 300 | |a nestr. | ||
| 500 | |a Global Ed. | ||
| 650 | 0 | 7 | |a účtovníctvo |
| 700 | 1 | |a Kimmel, Paul D. |4 aut | |
| 700 | 1 | |a Kieso, Donald E. |4 aut | |
| 996 | |b 284M089168 |c M* 14659-1 |l MMKN |s A |a 24 |w 0098723_0001 | ||